[Event "BL 0304 SG Köln Porz - Hamburger SK"]
[Site "?"]
[Date "2004.03.06"]
[Round "10.6"]
[White "Vaganian, Rafael A"]
[Black "Berg, Emanuel"]
[Result "1-0"]
[WhiteElo "2623"]
[BlackElo "2489"]
[PlyCount "93"]
[EventDate "2004.??.??"]

1. Nf3 f5 2. g3 Nf6 3. c4 g6 4. b4 Bg7 5. Bb2 d6 6. d3 O-O 7. Bg2 e5 8. Nbd2
Qe8 9. e3 Nc6 10. b5 Nd8 11. O-O Nf7 12. a4 g5 13. Qc2 Be6 14. c5 b6 15. cxd6
cxd6 16. Rfc1 Rc8 17. Qd1 Qd7 18. e4 Rxc1 19. Rxc1 Rc8 20. exf5 Bxf5 21. Nc4
Be6 22. Nfd2 Nd5 23. Ba3 Ne7 24. Ne3 h6 25. Rxc8+ Qxc8 26. Qb1 Nf5 27. Nxf5
Bxf5 28. Qb3 Bf8 29. Bd5 Bg6 30. Be4 Kg7 31. Bxg6 Kxg6 32. Qd5 Qc3 33. Nc4 Qd4
34. Qe6+ Kg7 35. Ne3 Qa1+ 36. Kg2 Qxa3 37. Nf5+ Kg8 38. Qg6+ Kh8 39. Qxf7 d5
40. Qxd5 Qxa4 41. Qxe5+ Kh7 42. Qf6 Qb4 43. Qf7+ Kh8 44. h3 Qc5 45. d4 Qb4 46.
g4 Qa3 47. h4 1-0

[Event "BL 0304 SG Köln Porz - Hamburger SK"]
[Site "?"]
[Date "2004.03.06"]
[Round "10.7"]
[White "Reeh, Oliver"]
[Black "Hansen, Curt"]
[Result "1/2-1/2"]
[WhiteElo "2446"]
[BlackElo "2616"]
[PlyCount "80"]
[EventDate "2004.??.??"]

1. e4 c5 2. Nf3 d6 3. d4 cxd4 4. Nxd4 Nf6 5. Nc3 e6 6. f4 Nc6 7. Nf3 Be7 8. Bd3
O-O 9. O-O Nb4 10. Kh1 b6 11. Be2 Bb7 12. a3 Na6 13. f5 e5 14. Bg5 Nc5 15. Bxf6
Bxf6 16. Nd2 Rc8 17. Bf3 Qd7 18. a4 Rfe8 19. Re1 h6 20. Ra3 Bg5 21. Nf1 Bc6 22.
b3 a6 23. Ne3 Bxe3 24. Rxe3 Qe7 25. Ra1 b5 26. axb5 axb5 27. b4 Nd7 28. Be2 Nf6
29. Bxb5 Bxb5 30. Nxb5 Rc4 31. Qxd6 Rxb4 32. Qxe7 Rxe7 33. Nc3 Rc7 34. Ra8+ Kh7
35. h3 Rb2 36. Rd3 Rxc2 37. Rdd8 g6 38. Nd5 Nxd5 39. Rxd5 gxf5 40. Rxe5 fxe4
1/2-1/2

[Event "BL 0304 SG Köln Porz - Hamburger SK"]
[Site "?"]
[Date "2004.03.06"]
[Round "10.8"]
[White "Van den Doel, Erik"]
[Black "Michaelsen, Nils"]
[Result "1-0"]
[WhiteElo "2609"]
[BlackElo "2440"]
[PlyCount "77"]
[EventDate "2004.??.??"]

1. e4 c5 2. Nf3 Nc6 3. d4 cxd4 4. Nxd4 e6 5. Nc3 Qc7 6. Be2 a6 7. O-O Nf6 8.
Be3 Bb4 9. Na4 Be7 10. Nxc6 bxc6 11. Nb6 Rb8 12. Nxc8 Qxc8 13. Bd4 c5 14. Be5
Rb6 15. Qd3 O-O 16. b3 d6 17. Bb2 Rd8 18. Rad1 Qa8 19. Rfe1 a5 20. Qe3 a4 21.
Bc4 axb3 22. axb3 Ng4 23. Qg3 Bf6 24. Bxf6 Nxf6 25. e5 Ne8 26. Bd3 g6 27. Qe3
Qc8 28. Ra1 Qc7 29. Ra4 Rb4 30. Rxb4 cxb4 31. Qd4 Rb8 32. f4 dxe5 33. Rxe5 Nd6
34. h4 h5 35. Bxg6 fxg6 36. Rxe6 Nf5 37. Rxg6+ Kh7 38. Qf6 Qxf4 39. Rg7+ 1-0

[Event "BL 0304 SV Hofheim - SC Baden Oos"]
[Site "?"]
[Date "2004.03.07"]
[Round "10.1"]
[White "Svidler, Peter"]
[Black "Savchenko, Stanislav"]
[Result "1/2-1/2"]
[WhiteElo "2723"]
[BlackElo "2563"]
[PlyCount "83"]
[EventDate "2004.??.??"]

1. e4 c5 2. Nf3 d6 3. d4 cxd4 4. Nxd4 Nf6 5. Nc3 a6 6. f3 e5 7. Nb3 Be6 8. Be3
Nbd7 9. g4 Nb6 10. g5 Nh5 11. Qd2 Be7 12. Qf2 Nc4 13. Bxc4 Bxc4 14. Rg1 O-O 15.
Na4 f5 16. gxf6 Bxf6 17. O-O-O b5 18. Nb6 Rb8 19. Nd5 Bxd5 20. Rxd5 Qc7 21. Kb1
a5 22. Qf1 a4 23. Nd2 Rfc8 24. c3 a3 25. Rxb5 axb2 26. Rxb8 Qxb8 27. Nc4 Nf4
28. Bxf4 exf4 29. Qh3 Re8 30. Qf5 Kh8 31. Qd5 Be5 32. Rd1 Qc7 33. Rd3 Qa7 34.
Nxe5 dxe5 35. Qd7 Qxd7 36. Rxd7 g5 37. h3 h5 38. Rf7 g4 39. fxg4 hxg4 40. hxg4
Kg8 41. Rd7 Rc8 42. Rd5 1/2-1/2

[Event "BL 0304 SV Hofheim - SC Baden Oos"]
[Site "?"]
[Date "2004.03.07"]
[Round "10.2"]
[White "Hickl, Joerg"]
[Black "Dautov, Rustem"]
[Result "1/2-1/2"]
[WhiteElo "2562"]
[BlackElo "2610"]
[PlyCount "108"]
[EventDate "2004.??.??"]

1. g3 c5 2. Bg2 Nc6 3. c4 g6 4. Nc3 Bg7 5. a3 e6 6. Rb1 a5 7. d3 Nge7 8. h4 h6
9. Bd2 d5 10. Qc1 b6 11. Nf3 d4 12. Na4 Bd7 13. b3 Ra6 14. O-O Nf5 15. Bh3 Qe7
16. Re1 h5 17. Bg5 f6 18. Bd2 O-O 19. Bg2 Kh7 20. e4 dxe3 21. Bxe3 Nxe3 22.
Qxe3 Bh6 23. Qe2 Qd8 24. Nc3 Ra8 25. Nb5 e5 26. Qe4 Rc8 27. Nd6 Rc7 28. Nb5 Rc8
29. Nd6 Rb8 30. Rbd1 Qe7 31. Nb5 Rbd8 32. Kh2 Be8 33. Qe2 Qf7 34. Nc3 Ne7 35.
Qb2 Nc6 36. Nd5 Qa7 37. b4 cxb4 38. axb4 Nxb4 39. Nxb4 axb4 40. Qxb4 Rf7 41. d4
Bf8 42. Qb2 Ba3 43. Qa2 Bb4 44. Qxa7 Rxa7 45. dxe5 Rxd1 46. Rxd1 fxe5 47. Nxe5
Bc3 48. Nf3 b5 49. Ng5+ Kg7 50. Ne4 b4 51. Nxc3 bxc3 52. Rc1 Ra3 53. c5 Ba4 54.
Be4 c2 1/2-1/2

[Event "BL 0304 SV Hofheim - SC Baden Oos"]
[Site "?"]
[Date "2004.03.07"]
[Round "10.3"]
[White "Huebner, Robert Dr"]
[Black "Krivoshey, Sergei"]
[Result "1-0"]
[WhiteElo "2604"]
[BlackElo "2495"]
[PlyCount "85"]
[EventDate "2004.??.??"]

1. d4 d5 2. c4 c6 3. Nc3 Nf6 4. Nf3 a6 5. c5 Nbd7 6. Bf4 Nh5 7. e3 g6 8. h4 Bg7
9. Bh2 O-O 10. Be2 Re8 11. g4 Nhf6 12. Rg1 b6 13. cxb6 Qxb6 14. Qc2 Bb7 15. Nd2
e5 16. g5 Ne4 17. Ncxe4 dxe4 18. dxe5 Nxe5 19. Nxe4 Qb4+ 20. Nd2 Qxh4 21. Bg3
Qb4 22. O-O-O Rad8 23. Ne4 c5 24. Nd6 Nf3 25. Rgf1 Rf8 26. Qb3 Ba8 27. Qxb4
cxb4 28. Bxa6 Nxg5 29. Bh4 Bf6 30. Bc4 Kg7 31. Rg1 Ne4 32. Nf5+ Kh8 33. Bxf6+
Nxf6 34. Rxd8 Rxd8 35. Nh6 Rc8 36. Nxf7+ Kg7 37. Ne5 Bd5 38. b3 Ne4 39. f3 Nd6
40. Rg4 Kf6 41. Nd7+ Ke6 42. Nb6 Bxc4 43. Nxc8 1-0

[Event "BL 0304 SV Hofheim - SC Baden Oos"]
[Site "?"]
[Date "2004.03.07"]
[Round "10.4"]
[White "Ginsburg, Gennadi"]
[Black "Schlosser, Philipp"]
[Result "1/2-1/2"]
[WhiteElo "2483"]
[BlackElo "2560"]
[PlyCount "114"]
[EventDate "2004.??.??"]

1. e4 c5 2. Nf3 d6 3. d4 cxd4 4. Nxd4 Nf6 5. f3 e6 6. c4 Be7 7. Nc3 O-O 8. Be3
Nc6 9. Nc2 b6 10. Qd2 Bb7 11. Rd1 Ne5 12. Be2 Rc8 13. Na3 a6 14. O-O Qc7 15.
Rc1 Qb8 16. Rfd1 Ba8 17. Bf1 Rfd8 18. Na4 Ned7 19. Qf2 Nc5 20. Nc3 Re8 21. Kh1
Ncd7 22. Qd2 Bb7 23. Nc2 Bd8 24. Rb1 Bc7 25. Bg1 Kh8 26. b4 Rg8 27. Nd4 g5 28.
b5 Bd8 29. bxa6 Bxa6 30. Ndb5 Be7 31. Nxd6 Qxd6 32. Qxd6 Bxd6 33. Rxd6 Bxc4 34.
Bxc4 Rxc4 35. Nb5 Ra8 36. a3 Kg7 37. Bd4 Kg6 38. e5 Rxd4 39. Rxd4 Nxe5 40. Re1
Ned7 41. Rd6 Ra5 42. Rb1 Ne5 43. Rxb6 Nc4 44. Rb7 Nxa3 45. Nxa3 Rxa3 46. Kg1 h5
47. Kf2 h4 48. R1b3 Ra2+ 49. Rb2 Ra1 50. Rc7 Nd5 51. Rc8 h3 52. Rg8+ Kf6 53.
gxh3 Nf4 54. Rd2 Rh1 55. Ke3 Re1+ 56. Kf2 Rh1 57. Ke3 Re1+ 1/2-1/2

[Event "BL 0304 SV Hofheim - SC Baden Oos"]
[Site "?"]
[Date "2004.03.07"]
[Round "10.5"]
[White "Buhmann, Rainer"]
[Black "Rechel, Bernd"]
[Result "1-0"]
[WhiteElo "2532"]
[BlackElo "2420"]
[PlyCount "95"]
[EventDate "2004.??.??"]

1. Nf3 f5 2. c4 Nf6 3. Nc3 g6 4. d3 d6 5. e4 e5 6. exf5 gxf5 7. d4 e4 8. Ng5
Bg7 9. Be2 O-O 10. Be3 Nc6 11. Qd2 a6 12. h4 Bd7 13. h5 h6 14. Nh3 Ng4 15. Nf4
Nxe3 16. fxe3 Qg5 17. Rh3 Kh7 18. Ncd5 Qd8 19. Rg3 Rf7 20. Rg6 Ne7 21. Nc3 Rf8
22. Rg3 Bf6 23. O-O-O c6 24. Kb1 b5 25. c5 d5 26. Rh3 Bg5 27. Rf1 Rg8 28. Bd1
Rg7 29. Nce2 Qc7 30. Qe1 Rag8 31. Rfh1 Kh8 32. Rg3 Qd8 33. Qg1 Kh7 34. Nh3 Qa5
35. Nef4 Bh4 36. Rxg7+ Rxg7 37. Ng6 Bg3 38. Nf8+ Kh8 39. Nxd7 Qd2 40. Bc2 f4
41. exf4 Nf5 42. Ne5 Ne3 43. Qc1 Qxd4 44. Bb3 Nc4 45. Bxc4 bxc4 46. Qc3 Qxc3
47. bxc3 e3 48. Ng1 1-0

[Event "BL 0304 SV Hofheim - SC Baden Oos"]
[Site "?"]
[Date "2004.03.07"]
[Round "10.6"]
[White "Houska, Jovanka"]
[Black "Keitlinghaus, Ludger"]
[Result "1-0"]
[WhiteElo "2358"]
[BlackElo "2503"]
[PlyCount "39"]
[EventDate "2004.??.??"]

1. e4 d5 2. exd5 Qxd5 3. Nc3 Qa5 4. Bc4 Nf6 5. d3 c6 6. Bd2 Qb6 7. Nf3 Qxb2 8.
Ng5 e6 9. O-O Be7 10. Rb1 Qa3 11. Nce4 Nxe4 12. Nxe4 b5 13. Bb3 O-O 14. Bc3 f5
15. Bb2 Qa5 16. Ng3 Na6 17. Qf3 Nc5 18. Nxf5 Rxf5 19. Qxf5 Nxb3 20. Qe5 1-0

[Event "BL 0304 SV Hofheim - SC Baden Oos"]
[Site "?"]
[Date "2004.03.07"]
[Round "10.7"]
[White "Doettling, Fabian"]
[Black "Zude, Erik Dr"]
[Result "1-0"]
[WhiteElo "2519"]
[BlackElo "2349"]
[PlyCount "59"]
[EventDate "2004.??.??"]

1. d4 d6 2. Nf3 g6 3. c4 Nf6 4. Nc3 Bg7 5. e4 O-O 6. h3 e5 7. d5 Na6 8. Bg5 h6
9. Be3 Nc5 10. Nd2 a5 11. Be2 Bd7 12. g4 c6 13. h4 a4 14. g5 hxg5 15. hxg5 Nh7
16. Rg1 Qa5 17. Qc2 Rfc8 18. Bg4 Nf8 19. Bxc5 dxc5 20. a3 Rcb8 21. Bxd7 Nxd7
22. O-O-O Nb6 23. Rg3 Re8 24. Rh1 Rad8 25. Rgh3 Qa6 26. Qd3 Nd7 27. Rh7 f6 28.
Qh3 fxg5 29. Nf3 Nf8 30. Nxg5 1-0

[Event "BL 0304 SV Hofheim - SC Baden Oos"]
[Site "?"]
[Date "2004.03.07"]
[Round "10.8"]
[White "Haubt, Georg"]
[Black "Schenk, Andreas"]
[Result "0-1"]
[WhiteElo "2283"]
[BlackElo "2499"]
[PlyCount "54"]
[EventDate "2004.??.??"]

1. d4 Nf6 2. Bg5 d5 3. Bxf6 gxf6 4. c4 dxc4 5. e4 b5 6. a4 c6 7. Nc3 a6 8. Qh5
Qxd4 9. Nf3 Qb6 10. axb5 cxb5 11. Nxb5 axb5 12. Rxa8 e6 13. Nd2 Bb4 14. Qh6 Ke7
15. Qe3 Bc5 16. Qg3 Nc6 17. Be2 Bb4 18. Bh5 Rd8 19. O-O Bxd2 20. Rd1 Qb7 21.
Raa1 e5 22. Qg7 Be6 23. Qxh7 b4 24. Rdb1 Qc8 25. Bd1 Rh8 26. Qg7 Bh6 27. Qg3
Bf4 0-1

[Event "BL 0304 SCA St Ingbert - Stuttgarter Sf"]
[Site "?"]
[Date "2004.03.07"]
[Round "10.1"]
[White "Schmittdiel, Eckhard"]
[Black "Bauer, Christian"]
[Result "0-1"]
[WhiteElo "2483"]
[BlackElo "2602"]
[PlyCount "150"]
[EventDate "2004.??.??"]

1. e4 c5 2. Nc3 Nc6 3. g3 g6 4. Bg2 Bg7 5. f4 d6 6. Nf3 Rb8 7. O-O b5 8. d3 e6
9. Be3 b4 10. Na4 Nf6 11. h3 O-O 12. a3 a5 13. axb4 axb4 14. Kh2 Bb7 15. Qd2
Nd7 16. Rad1 Ba6 17. b3 Bb5 18. f5 Qe7 19. Bg5 f6 20. Be3 gxf5 21. exf5 e5 22.
Nh4 Qf7 23. Bf3 Rfc8 24. Nb2 Nd4 25. Bg2 d5 26. Rg1 Bc6 27. Qf2 Ra8 28. Ra1
Rxa1 29. Rxa1 Ra8 30. Rxa8+ Bxa8 31. Nd1 Nb6 32. Qd2 Bf8 33. Nf2 Bb7 34. Ng4
Bc8 35. Bxd4 cxd4 36. Nh6+ Bxh6 37. Qxh6 Qf8 38. Qd2 Bd7 39. Bf3 Qc5 40. Qg2
Kg7 41. g4 h6 42. Qe2 Nc8 43. Bg2 Nd6 44. Nf3 Nb5 45. h4 Qd6 46. Kh1 Nc3 47.
Qe1 e4 48. Nxd4 Qe5 49. Qe3 exd3 50. Qxd3 Qe1+ 51. Kh2 Qxh4+ 52. Qh3 Qf2 53.
Nf3 Ne4 54. Qh5 Qg3+ 55. Kg1 Qf2+ 56. Kh2 Qg3+ 57. Kg1 Qf4 58. Qg6+ Kf8 59. Qh7
Be8 60. Qb7 Nc3 61. Qh7 Bf7 62. Qh8+ Ke7 63. Qc8 Qxg4 64. Qc5+ Kd7 65. Qa7+ Ke8
66. Kf1 Qf4 67. Qd4 Qxd4 68. Nxd4 Kd7 69. Kf2 Kd6 70. Ke3 Be8 71. Kf4 Nb5 72.
Nxb5+ Bxb5 73. Bf3 Bf1 74. Kg4 Ke5 75. Kh5 Bh3 0-1

[Event "BL 0304 SCA St Ingbert - Stuttgarter Sf"]
[Site "?"]
[Date "2004.03.07"]
[Round "10.2"]
[White "Marcelin, Cyril"]
[Black "Berezovsky, Igor"]
[Result "1-0"]
[WhiteElo "2473"]
[BlackElo "2444"]
[PlyCount "149"]
[EventDate "2004.??.??"]

1. d4 Nf6 2. c4 g6 3. Nc3 d5 4. Nf3 Bg7 5. Bf4 dxc4 6. e4 c5 7. dxc5 Qa5 8. e5
Ne4 9. Rc1 Be6 10. Qa4+ Qxa4 11. Nxa4 g5 12. Nxg5 Nxg5 13. Bxg5 Bxe5 14. Bxc4
Bd7 15. Nc3 Na6 16. Be3 Rc8 17. Bxa6 bxa6 18. O-O Rg8 19. f4 Bc6 20. g3 Bf6 21.
Rfd1 h5 22. Bd4 Bxd4+ 23. Rxd4 h4 24. Rd3 Rb8 25. b3 Rb4 26. Rcd1 Rb8 27. R1d2
f6 28. Kf2 Kf7 29. Ne2 hxg3+ 30. hxg3 Bb5 31. Rc3 Rh8 32. Nd4 Rbd8 33. Ke3 Rh3
34. Rg2 Rg8 35. Nxb5 axb5 36. Kf3 Rc8 37. c6 Rc7 38. Rd2 Rh8 39. f5 Rhc8 40.
Rdc2 e6 41. fxe6+ Kxe6 42. Kf4 Rd8 43. Re2+ Kf7 44. Rh2 Kg6 45. Kf3 Rd6 46.
Rhc2 a6 47. Rc5 Rd3+ 48. Kg2 Rd4 49. R5c3 Kf7 50. Kf3 Ke6 51. Re2+ Kf7 52. Rc5
Rd6 53. Rec2 Rd3+ 54. Kf4 Kg6 55. R2c3 Rd4+ 56. Ke3 Rd6 57. a4 bxa4 58. bxa4
Kf7 59. R3c4 Re7+ 60. Kf4 Rc7 61. Kf5 Kg7 62. Rg4+ Kf7 63. Rgc4 Kg7 64. Rc2 Kf7
65. g4 Kg7 66. a5 Kf7 67. Rb2 Rd1 68. Rb7 Rf1+ 69. Ke4 Re1+ 70. Kd3 Rxb7 71.
cxb7 Rb1 72. Rc7+ Kg6 73. Kd4 Rb5 74. Kc4 Kh6 75. g5+ 1-0

[Event "BL 0304 SCA St Ingbert - Stuttgarter Sf"]
[Site "?"]
[Date "2004.03.07"]
[Round "10.3"]
[White "Papa, Severin"]
[Black "Lazarev, Vladimir"]
[Result "0-1"]
[WhiteElo "2401"]
[BlackElo "2526"]
[PlyCount "112"]
[EventDate "2004.??.??"]

1. e4 c5 2. Nf3 Nc6 3. d4 cxd4 4. Nxd4 Qc7 5. Nc3 e6 6. Be3 a6 7. Qd2 Nf6 8.
O-O-O Bb4 9. f3 Ne5 10. Nb3 b5 11. Kb1 Be7 12. Qf2 d6 13. g4 O-O 14. Rg1 Nfd7
15. g5 b4 16. Ne2 Bb7 17. Ned4 Nc4 18. h4 Nxe3 19. Qxe3 Rac8 20. Bd3 Nc5 21. f4
Rfe8 22. h5 Bf8 23. g6 Nxd3 24. cxd3 e5 25. Nf5 fxg6 26. hxg6 hxg6 27. Nh4 exf4
28. Qh3 d5 29. Nxg6 dxe4 30. Qh8+ Kf7 31. Nxf8 Qe5 32. Nd7 Qxb2+ 33. Kxb2 Rxh8
34. Ne5+ Ke6 35. Rxg7 Rh2+ 36. Kb1 Kxe5 37. Rxb7 Rcc2 38. Re7+ Kf6 39. Rxe4
Rb2+ 40. Ka1 Rxa2+ 41. Kb1 Rhb2+ 42. Kc1 Rc2+ 43. Kb1 Rcb2+ 44. Kc1 Rxb3 45.
Rxf4+ Ke5 46. Rdf1 Ra1+ 47. Kd2 Rxf1 48. Rxf1 Ra3 49. Kc2 a5 50. Rh1 Rc3+ 51.
Kb2 Kd4 52. Rh5 a4 53. Rb5 a3+ 54. Ka2 Rc2+ 55. Kb1 Rb2+ 56. Ka1 Kc3 0-1

[Event "BL 0304 SCA St Ingbert - Stuttgarter Sf"]
[Site "?"]
[Date "2004.03.07"]
[Round "10.4"]
[White "Bricard, Emmanuel"]
[Black "Reuss, Andreas"]
[Result "1-0"]
[WhiteElo "2453"]
[BlackElo "2361"]
[PlyCount "49"]
[EventDate "2004.??.??"]

1. c4 Nf6 2. Nc3 e5 3. Nf3 Nc6 4. d3 Bb4 5. Bd2 O-O 6. g3 d5 7. cxd5 Nxd5 8.
Bg2 Be6 9. Ng5 Nxc3 10. bxc3 Bxc3 11. Nxe6 Bxd2+ 12. Qxd2 fxe6 13. Rb1 Qd6 14.
Rxb7 Rab8 15. Rxb8 Rxb8 16. O-O Nd4 17. e3 Qb4 18. Qd1 Nf5 19. Qc2 Qd6 20. Rc1
a5 21. Be4 g6 22. Qa4 Qb6 23. Kg2 Nd6 24. Qd7 Nxe4 25. Rxc7 1-0

[Event "BL 0304 SCA St Ingbert - Stuttgarter Sf"]
[Site "?"]
[Date "2004.03.07"]
[Round "10.5"]
[White "Lorscheid, Gerhard"]
[Black "Nguyen, Chi Minh"]
[Result "0-1"]
[WhiteElo "2297"]
[BlackElo "2375"]
[PlyCount "96"]
[EventDate "2004.??.??"]

1. d4 Nf6 2. c4 e6 3. Nc3 Bb4 4. Nf3 b6 5. Bg5 Bb7 6. Nd2 c5 7. a3 Bxc3 8. bxc3
h6 9. Bh4 g5 10. Bg3 d6 11. f3 Qe7 12. e4 Nc6 13. d5 Nd8 14. Be2 Nh5 15. Nf1 e5
16. Bf2 Bc8 17. Ne3 Nf4 18. Bf1 h5 19. h4 f6 20. g3 Ng6 21. Bh3 Bxh3 22. Rxh3
Qd7 23. Rh1 gxh4 24. gxh4 Ne7 25. Rg1 Nb7 26. Ke2 O-O-O 27. Rg7 Rdg8 28. Rf7
Rf8 29. Rg7 Rhg8 30. Rh7 Nxd5 31. Rxd7 Nxc3+ 32. Kd2 Nxd1 33. Rxb7 Nxe3 34.
Rxa7 Nxc4+ 35. Kc3 Na5 36. Rb1 Nc6 37. Rh7 Rh8 38. Rg7 Nd8 39. Rxb6 Rf7 40.
Rxf7 Nxf7 41. Kc4 Kc7 42. Bxc5 Ra8 43. Kb5 dxc5 44. Rxf6 Nd8 45. Kxc5 Rxa3 46.
Rh6 Rxf3 47. Kd5 Rd3+ 48. Kc5 Nb7+ 0-1

[Event "BL 0304 SCA St Ingbert - Stuttgarter Sf"]
[Site "?"]
[Date "2004.03.07"]
[Round "10.6"]
[White "Pirrot, Dieter"]
[Black "Heinatz, Thomas"]
[Result "1-0"]
[WhiteElo "2422"]
[BlackElo "2332"]
[PlyCount "69"]
[EventDate "2004.??.??"]

1. e4 c5 2. c3 g6 3. d4 cxd4 4. cxd4 d5 5. exd5 Nf6 6. Nc3 Nxd5 7. Bc4 Nb6 8.
Bb3 Bg7 9. Nge2 Nc6 10. d5 Na5 11. Be3 Nxb3 12. axb3 O-O 13. O-O e6 14. d6 Bd7
15. Bd4 e5 16. Bc5 Rc8 17. Bb4 Qh4 18. f4 a6 19. Ne4 Rfe8 20. Be1 Qh5 21. N4g3
Qh6 22. f5 e4 23. f6 Bf8 24. Qd4 Rc6 25. Nxe4 Rxe4 26. Qxe4 Rxd6 27. Nd4 Qh5
28. Bb4 Nd5 29. Bxd6 Bxd6 30. g3 Qg5 31. Nf3 Bc5+ 32. Kh1 Qh5 33. Qe5 Bc6 34.
Qxh5 gxh5 35. Ne5 1-0

[Event "BL 0304 SCA St Ingbert - Stuttgarter Sf"]
[Site "?"]
[Date "2004.03.07"]
[Round "10.7"]
[White "Vuckovic, Aleksandar"]
[Black "Drollinger, Dennis"]
[Result "1/2-1/2"]
[WhiteElo "2321"]
[BlackElo "2275"]
[PlyCount "84"]
[EventDate "2004.??.??"]

1. e4 c5 2. Nf3 e6 3. Nc3 a6 4. d4 cxd4 5. Nxd4 b5 6. Bd3 Qb6 7. Nb3 Qc7 8. O-O
Bb7 9. f4 b4 10. Nb1 Nf6 11. Qe2 h5 12. h3 h4 13. N1d2 Nh5 14. Qf2 Ng3 15. Re1
Be7 16. Nf1 Nxf1 17. Rxf1 d5 18. exd5 Bxd5 19. Be3 Nd7 20. Rac1 Qb7 21. c4 bxc3
22. Rxc3 O-O 23. Na5 Qb4 24. Nc6 Bxc6 25. Rxc6 Rfc8 26. Rfc1 Rxc6 27. Rxc6 Nf6
28. a3 Qa4 29. Qc2 Qxc2 30. Rxc2 Nd5 31. Bd2 a5 32. Kf2 Bf6 33. b4 axb4 34.
axb4 Bd4+ 35. Ke2 Kf8 36. Be4 Ke7 37. f5 Kd6 38. fxe6 fxe6 39. Rc4 Ke5 40. Bf3
Ra2 41. Kd3 Ra3+ 42. Kc2 Ra2+ 1/2-1/2

[Event "BL 0304 SCA St Ingbert - Stuttgarter Sf"]
[Site "?"]
[Date "2004.03.07"]
[Round "10.8"]
[White "Ristic, Nenad"]
[Black "Migl, Dieter"]
[Result "1-0"]
[WhiteElo "2467"]
[BlackElo "2255"]
[PlyCount "69"]
[EventDate "2004.??.??"]

1. e4 c5 2. Nf3 Nc6 3. Bb5 d6 4. O-O Bd7 5. Re1 Nf6 6. c3 a6 7. Bxc6 Bxc6 8. d4
Bxe4 9. Bg5 Bd5 10. c4 Bxc4 11. Bxf6 gxf6 12. d5 e5 13. Nc3 Bb5 14. Nh4 h5 15.
Qf3 Bd7 16. Ne4 Be7 17. h3 f5 18. Nxf5 Bxf5 19. Qxf5 Rh6 20. Ng3 Qd7 21. Nxh5
O-O-O 22. Ng3 Bh4 23. Qxd7+ Kxd7 24. Nf5 Rhh8 25. g4 Rh7 26. Kg2 b5 27. b4 Rc8
28. a4 cxb4 29. axb5 axb5 30. Re4 Bg5 31. Rxb4 Rc5 32. Ra7+ Kc8 33. Nxd6+ Kb8
34. Rb7+ Ka8 35. Rb2 1-0

[Event "BL 0304 SV Werder Bremen - SK König Pla"]
[Site "?"]
[Date "2004.03.08"]
[Round "11.1"]
[White "Kindermann, Stefan"]
[Black "McShane, Luke James"]
[Result "1/2-1/2"]
[WhiteElo "2542"]
[BlackElo "2649"]
[PlyCount "112"]
[EventDate "2004.??.??"]

1. e4 c5 2. Nf3 Nc6 3. d4 cxd4 4. Nxd4 Nf6 5. Nc3 e5 6. Ndb5 d6 7. Bg5 a6 8.
Na3 b5 9. Nd5 Be7 10. Bxf6 Bxf6 11. c4 b4 12. Nc2 a5 13. g3 Bg5 14. Bg2 O-O 15.
O-O Be6 16. Qd3 Qb8 17. Rad1 g6 18. f4 exf4 19. gxf4 Bh6 20. Qg3 f5 21. Nde3
Qc7 22. exf5 Bxf5 23. Nxf5 Rxf5 24. Ne3 Rff8 25. Nd5 Qa7+ 26. Kh1 Bg7 27. f5
Be5 28. Qg5 Rae8 29. fxg6 hxg6 30. Nf6+ Bxf6 31. Rxf6 Ne5 32. Rdxd6 Rxf6 33.
Rxf6 Kg7 34. Rf1 Qe7 35. Qxe7+ Rxe7 36. c5 Nd3 37. c6 Nxb2 38. Rc1 Rc7 39. Rc5
Kf6 40. Rxa5 Nd3 41. Kg1 Re7 42. Ra8 Nf4 43. Rf8+ Ke5 44. Bf3 Ne6 45. Rb8 Ra7
46. Bg4 Kd6 47. Rxb4 Rxa2 48. Bxe6 Kxe6 49. Rg4 Rc2 50. Rxg6+ Kf5 51. Rd6 Kg4
52. Rf6 Kg5 53. Re6 Kf5 54. Rd6 Kg4 55. Kh1 Kh4 56. Kg1 Kg4 1/2-1/2

[Event "BL 0304 SV Werder Bremen - SK König Pla"]
[Site "?"]
[Date "2004.03.08"]
[Round "11.3"]
[White "Priehoda, Viteslav"]
[Black "Babula, Vlastimil"]
[Result "1/2-1/2"]
[WhiteElo "2372"]
[BlackElo "2567"]
[PlyCount "43"]
[EventDate "2004.??.??"]

1. d4 Nf6 2. c4 e6 3. Nf3 Bb4+ 4. Bd2 a5 5. Nc3 d6 6. Qc2 Nbd7 7. e3 b6 8. Bd3
Bb7 9. a3 Bxc3 10. Bxc3 Qe7 11. Nd2 a4 12. O-O O-O 13. e4 e5 14. d5 Nc5 15. Be2
c6 16. Rfe1 Rfc8 17. Bf1 Ba6 18. Rad1 Qb7 19. f3 Ne8 20. Nb1 Nb3 21. Qf2 Nf6
22. Nd2 1/2-1/2

[Event "BL 0304 SV Werder Bremen - SK König Pla"]
[Site "?"]
[Date "2004.03.08"]
[Round "11.4"]
[White "Schandorff, Lars"]
[Black "Sandner, Gunter"]
[Result "1-0"]
[WhiteElo "2520"]
[BlackElo "2311"]
[PlyCount "81"]
[EventDate "2004.??.??"]

1. Nf3 d5 2. d4 c6 3. c4 e6 4. Qc2 Bd6 5. g3 f5 6. Bg2 Nf6 7. O-O O-O 8. Nc3
Ne4 9. Rb1 Qe7 10. b4 Nd7 11. b5 Ndf6 12. c5 Bc7 13. Bf4 Bxf4 14. gxf4 Nxc3 15.
Qxc3 Bd7 16. a4 Ne4 17. Qc2 Rfc8 18. Ne5 Be8 19. Bxe4 dxe4 20. f3 exf3 21. Rxf3
cxb5 22. axb5 a6 23. bxa6 Rxa6 24. Qb2 Rc7 25. Rb3 Ra7 26. Rb6 Bc6 27. Qb3 h6
28. Qg3 Be4 29. Qg6 Bd5 30. c6 Ra8 31. Rxb7 Rxb7 32. Rxb7 Qf6 33. Qxf6 gxf6 34.
Ng6 Ra1+ 35. Kf2 Rc1 36. Rd7 Bxc6 37. Rc7 Be8 38. Rxc1 Bxg6 39. Rc7 Bf7 40. Ke3
Kg7 41. Kd3 1-0

[Event "BL 0304 SV Werder Bremen - SK König Pla"]
[Site "?"]
[Date "2004.03.08"]
[Round "11.5"]
[White "Haskamp, Stefan"]
[Black "Gallagher, Joseph G"]
[Result "0-1"]
[WhiteElo "2308"]
[BlackElo "2522"]
[PlyCount "70"]
[EventDate "2004.??.??"]

1. g3 g6 2. Bg2 Bg7 3. e4 d6 4. f4 e5 5. fxe5 dxe5 6. Nf3 Nc6 7. d3 Nd4 8. c3
Nxf3+ 9. Qxf3 Be6 10. Na3 Qd7 11. O-O Ne7 12. Bh3 O-O 13. Bxe6 Qxe6 14. Be3
Rad8 15. Qe2 Rd7 16. Bc5 Rfd8 17. Bxe7 Qxe7 18. Rf3 Qe6 19. b4 Qc6 20. Qc2 a5
21. Raf1 axb4 22. cxb4 Qb6+ 23. Qc5 Qxc5+ 24. bxc5 Rxd3 25. Rxd3 Rxd3 26. Nb5
Bf8 27. Nxc7 Bxc5+ 28. Kh1 Rd2 29. Rb1 b6 30. Nd5 Rxa2 31. Nf6+ Kg7 32. Ne8+
Kh6 33. Rf1 Rf2 34. Ra1 Kg5 35. h3 h5 0-1

[Event "BL 0304 SV Werder Bremen - SK König Pla"]
[Site "?"]
[Date "2004.03.08"]
[Round "11.6"]
[White "Knaak, Rainer"]
[Black "Kuraszkiewicz, Michael"]
[Result "1-0"]
[WhiteElo "2480"]
[BlackElo "2304"]
[PlyCount "87"]
[EventDate "2004.??.??"]

1. d4 d5 2. c4 c6 3. Nc3 Nf6 4. e3 a6 5. c5 Nbd7 6. Bd2 e5 7. Qc2 g6 8. h3 Bg7
9. O-O-O O-O 10. Na4 Re8 11. g4 Ne4 12. Be1 exd4 13. exd4 Qf6 14. Kb1 Ng3 15.
fxg3 Qxf1 16. Bc3 Qb5 17. Nf3 Re2 18. Bd2 Rg2 19. Rhe1 a5 20. Re8+ Nf8 21. Rde1
Rf2 22. Nc3 Qa6 23. Ne5 Bf5 24. Rxf8+ Rxf8 25. gxf5 Rf1 26. f6 Bxf6 27. Nd7 Ra8
28. Nxf6+ Rxf6 29. Bf4 g5 30. Bxg5 Rf1 31. Rd1 Re8 32. Qc1 Rxd1 33. Qxd1 Re6
34. a4 b6 35. cxb6 Qxb6 36. Bf4 Qb4 37. Qg4+ Kf8 38. Be5 h6 39. Kc2 Qc4 40. Qf3
Ke7 41. Qd3 Qb4 42. Qa6 Ke8 43. Qa8+ Ke7 44. Bc7 1-0

[Event "BL 0304 SV Werder Bremen - SK König Pla"]
[Site "?"]
[Date "2004.03.08"]
[Round "11.7"]
[White "Dirr, Ulrich"]
[Black "Joachim, Sven"]
[Result "0-1"]
[WhiteElo "2299"]
[BlackElo "2434"]
[PlyCount "132"]
[EventDate "2004.??.??"]

1. e4 c5 2. Nf3 Nc6 3. Bb5 g6 4. Bxc6 dxc6 5. d3 Bg7 6. h3 b6 7. Nc3 e5 8. O-O
Ne7 9. b3 h6 10. Bb2 g5 11. Ne2 Ng6 12. Nd2 Be6 13. Ng3 Qd7 14. Nc4 O-O-O 15.
a4 Kb7 16. a5 b5 17. Ne3 f6 18. Nef5 Bf8 19. Qf3 Nf4 20. a6+ Ka8 21. Nh5 Nxh5
22. Qxh5 Bxf5 23. exf5 Qxf5 24. f4 exf4 25. g4 Qd7 26. Bxf6 Bg7 27. Bxg7 Qxg7
28. Rae1 Rhf8 29. Re4 f3 30. Rf2 Qa1+ 31. Kh2 Qf6 32. h4 Kb8 33. Kh3 Kc7 34.
Re3 Kb6 35. hxg5 hxg5 36. Rexf3 Qxf3+ 37. Rxf3 Rxf3+ 38. Kg2 Rdf8 39. Qxg5 Rf2+
40. Kg1 Rf1+ 41. Kg2 R1f2+ 42. Kg1 Rxc2 43. Qe3 Rd8 44. b4 Kxa6 45. bxc5 Rd5
46. d4 Rc4 47. Qe6 Rdxd4 48. Qxc6+ Ka5 49. Qc7+ Kb4 50. c6 Rxg4+ 51. Kf2 Rc2+
52. Ke3 Rgc4 53. Qe7+ Kb3 54. Qxa7 R2c3+ 55. Kd2 Rxc6 56. Qf7+ R6c4 57. Qf5
Rc2+ 58. Kd1 b4 59. Qb5 Kb2 60. Qe5+ R4c3 61. Qd4 b3 62. Qe4 Kb1 63. Qg4 Rd3+
64. Ke1 Kc1 65. Qf4+ Rdd2 66. Qe3 b2 0-1